[Event "Wolrd Chess Olympiad 2018"]
[Site "Batumi"]
[Date "2018.09.27"]
[Round "4"]
[Board "4"]
[WhiteFideId "9700170"]
[White "Jotee Ashvin"]
[BlackFideId "10301186"]
[Black "Alothman Salem"]
[Result "1-0"]
[LiveChessVersion "1.4.8"]
[BlackElo "1690"]
[WhiteElo "1751"]

1. c4 {[%clk 1:30:56]} c5 {[%clk 1:30:53]} 2. Nf3 {[%clk 1:31:01]} Nf6
{[%clk 1:31:08]} 3. Nc3 {[%clk 1:31:10]} e6 {[%clk 1:31:11]} 4. d4
{[%clk 1:30:18]} d5 {[%clk 1:30:05]} 5. cxd5 {[%clk 1:28:32]} exd5
{[%clk 1:28:44]} 6. Bg5 {[%clk 1:27:39]} Be6 {[%clk 1:09:08]} 7. e3
{[%clk 1:26:48]} Nc6 {[%clk 1:05:43]} 8. Be2 {[%clk 1:23:01]} Be7
{[%clk 1:03:42]} 9. O-O {[%clk 1:22:40]} cxd4 {[%clk 0:59:52]} 10. Nxd4
{[%clk 1:18:57]} O-O {[%clk 0:59:15]} 11. Qa4 {[%clk 1:12:39]} Qb6
{[%clk 0:58:16]} 12. Nxe6 {[%clk 1:00:53]} fxe6 {[%clk 0:58:10]} 13. Qb5
{[%clk 0:55:44]} Qxb5 {[%clk 0:51:53]} 14. Nxb5 {[%clk 0:55:18]} Rac8
{[%clk 0:51:56]} 15. a3 {[%clk 0:50:59]} a6 {[%clk 0:45:33]} 16. Nc3
{[%clk 0:42:08]} Na5 {[%clk 0:42:42]} 17. Rac1 {[%clk 0:26:27]} Nb3
{[%clk 0:39:57]} 18. Rc2 {[%clk 0:21:09]} e5 {[%clk 0:31:26]} 19. Bd1
{[%clk 0:18:49]} Rc5 {[%clk 0:05:39]} 20. Na4 {[%clk 0:16:45]} Rxc2
{[%clk 0:05:00]} 21. Bxc2 {[%clk 0:16:57]} Na5 {[%clk 0:05:03]} 22. Bf5
{[%clk 0:09:52]} Kf7 {[%clk 0:02:36]} 23. Rc1 {[%clk 0:08:10]} Nc6
{[%clk 0:03:01]} 24. h3 {[%clk 0:07:34]} g6 {[%clk 0:01:56]} 25. Bd3
{[%clk 0:07:36]} Nd7 {[%clk 0:02:08]} 26. Bh6 {[%clk 0:07:06]} Rc8
{[%clk 0:02:14]} 27. e4 {[%clk 0:04:47]} d4 {[%clk 0:02:25]} 28. Bc4+
{[%clk 0:04:13]} Ke8 {[%clk 0:02:27]} 29. Be6 {[%clk 0:03:55]} Na7
{[%clk 0:02:14]} 30. Bxd7+ {[%clk 0:03:45]} Kxd7 {[%clk 0:02:13]} 31. Nb6+
{[%clk 0:04:08]} Kd8 {[%clk 0:01:42]} 32. Nxc8 {[%clk 0:04:02]} 1-0

[Event "Wolrd Chess Olympiad 2018"]
[Site "Batumi"]
[Date "2018.09.27"]
[Round "4"]
[Board "1"]
[WhiteFideId "1622218"]
[White "Kamara Ansumana"]
[BlackFideId "16100212"]
[Black "Ali Abdullahi Farah"]
[Result "1/2-1/2"]
[LiveChessVersion "1.4.8"]
[BlackElo "2000"]
[WhiteElo "1910"]

1. e4 {[%clk 1:30:56]} c5 {[%clk 1:30:54]} 2. Nf3 {[%clk 1:31:16]} d6
{[%clk 1:31:14]} 3. d4 {[%clk 1:31:37]} cxd4 {[%clk 1:31:42]} 4. Nxd4
{[%clk 1:31:53]} Nf6 {[%clk 1:31:55]} 5. Nc3 {[%clk 1:32:10]} a6 {[%clk 1:32:22]}
6. Be3 {[%clk 1:32:21]} e6 {[%clk 1:32:28]} 7. f3 {[%clk 1:32:33]} Be7
{[%clk 1:32:32]} 8. Qd2 {[%clk 1:32:49]} b5 {[%clk 1:23:23]} 9. O-O-O
{[%clk 1:32:35]} Bb7 {[%clk 1:21:19]} 10. g4 {[%clk 1:32:14]} Nbd7
{[%clk 1:19:29]} 11. h4 {[%clk 1:28:15]} Ne5 {[%clk 1:17:03]} 12. h5
{[%clk 1:25:25]} h6 {[%clk 1:13:17]} 13. Kb1 {[%clk 1:25:12]} Rc8
{[%clk 1:13:10]} 14. g5 {[%clk 1:25:15]} hxg5 {[%clk 1:13:12]} 15. Bxg5
{[%clk 1:25:10]} Nxh5 {[%clk 1:05:37]} 16. Bxe7 {[%clk 1:24:43]} Qxe7
{[%clk 1:05:48]} 17. Be2 {[%clk 1:23:46]} Kd7 {[%clk 0:58:18]} 18. Nb3
{[%clk 0:59:02]} Ng3 {[%clk 0:45:47]} 19. Rxh8 {[%clk 0:49:44]} Rxh8
{[%clk 0:46:17]} 20. Bxb5+ {[%clk 0:44:06]} axb5 {[%clk 0:39:44]} 21. Nxb5
{[%clk 0:44:25]} Rh1 {[%clk 0:24:09]} 22. Nc5+ {[%clk 0:38:10]} Kc6
{[%clk 0:19:22]} 23. Nd4+ {[%clk 0:34:18]} Kc7 {[%clk 0:16:25]} 24. Nb5+
{[%clk 0:33:44]} Kc6 {[%clk 0:14:45]} 25. Nd4+ {[%clk 0:33:52]} Kb6
{[%clk 0:13:07]} 26. Qb4+ {[%clk 0:32:44]} Ka7 {[%clk 0:13:26]} 27. Nb5+
{[%clk 0:32:07]} Kb8 {[%clk 0:13:06]} 28. Rxh1 {[%clk 0:32:16]} Nxh1
{[%clk 0:13:35]} 29. Nxd6 {[%clk 0:32:30]} Nc6 {[%clk 0:09:39]} 30. Qxb7+
{[%clk 0:30:39]} Qxb7 {[%clk 0:10:02]} 31. Ndxb7 {[%clk 0:30:47]} Nd4
{[%clk 0:09:29]} 32. Nd6 {[%clk 0:30:34]} Nxf3 {[%clk 0:06:41]} 33. Nxf7
{[%clk 0:30:31]} g5 {[%clk 0:06:48]} 34. Nxe6 {[%clk 0:30:01]} g4
{[%clk 0:06:19]} 35. Nf4 {[%clk 0:30:11]} Nd2+ {[%clk 0:04:42]} 36. Kc1
{[%clk 0:29:51]} Nxe4 {[%clk 0:04:44]} 37. Nh6 {[%clk 0:28:35]} g3
{[%clk 0:04:56]} 38. Nf5 {[%clk 0:27:55]} Nhf2 {[%clk 0:04:38]} 39. a4
{[%clk 0:26:38]} Kb7 {[%clk 0:04:29]} 40. Ng2 {[%clk 0:56:46]} Kb6
{[%clk 0:34:26]} 41. b3 {[%clk 0:56:13]} Kc5 {[%clk 0:32:59]} 42. Nfe3
{[%clk 0:54:08]} Nc3 {[%clk 0:26:49]} 43. Kd2 {[%clk 0:53:55]} Kb4
{[%clk 0:26:14]} 44. Nf1 {[%clk 0:52:43]} Nfe4+ {[%clk 0:23:39]} 45. Ke3
{[%clk 0:52:28]} Nc5 {[%clk 0:21:26]} 46. Nd2 {[%clk 0:51:02]} Nxb3
{[%clk 0:10:45]} 47. Nxb3 Nxa4 48. Kd2 {[%clk 0:50:12]} Kc4 {[%clk 0:10:03]} 49.
Ne3+ {[%clk 0:49:56]} Kb5 {[%clk 0:10:20]} 50. Nd4+ {[%clk 0:46:57]} Kc5
{[%clk 0:09:07]} 51. Ne2 {[%clk 0:47:05]} Nb6 {[%clk 0:08:56]} 52. Nxg3
{[%clk 0:47:07]} Kd4 {[%clk 0:09:06]} 53. c3+ {[%clk 0:45:25]} Ke5
{[%clk 0:08:26]} 54. Kd3 {[%clk 0:44:49]} Na4 {[%clk 0:08:30]} 55. Nc4+
{[%clk 0:41:21]} Ke6 {[%clk 0:08:30]} 56. Kc2 {[%clk 0:40:37]} Nxc3
{[%clk 0:05:29]} 57. Kxc3 {[%clk 0:40:58]} 1/2-1/2

[Event "Wolrd Chess Olympiad 2018"]
[Site "Batumi"]
[Date "2018.09.27"]
[Round "4"]
[Board "2"]
[WhiteFideId "16100360"]
[White "Islam Sh.Nour Kassim"]
[BlackFideId "17800048"]
[Black "Winston Gerald Mansfield Thomas"]
[Result "0-1"]
[LiveChessVersion "1.4.8"]
[BlackElo "1844"]
[WhiteElo "1995"]

1. d4 Nf6 2. Bf4 {[%clk 1:30:30]} g6 {[%clk 1:30:43]} 3. h3 {[%clk 1:30:04]} Bg7
{[%clk 1:31:02]} 4. e3 {[%clk 1:30:24]} d6 {[%clk 1:31:08]} 5. Nf3
{[%clk 1:30:42]} c5 {[%clk 1:31:02]} 6. c3 {[%clk 1:30:45]} Nbd7 {[%clk 1:30:22]}
7. Nbd2 {[%clk 1:30:44]} a6 {[%clk 1:29:59]} 8. Bd3 {[%clk 1:30:35]} b5
{[%clk 1:29:22]} 9. e4 {[%clk 1:24:41]} Bb7 {[%clk 1:28:11]} 10. O-O
{[%clk 1:24:15]} O-O {[%clk 1:28:31]} 11. Bc2 {[%clk 1:23:49]} Qb6
{[%clk 1:24:51]} 12. Re1 {[%clk 1:19:45]} Nh5 {[%clk 1:24:07]} 13. Be3
{[%clk 1:19:14]} e5 {[%clk 1:21:11]} 14. d5 {[%clk 1:13:27]} Qc7 {[%clk 1:21:19]}
15. c4 {[%clk 1:05:32]} b4 {[%clk 1:19:46]} 16. Rc1 {[%clk 1:01:57]} Nf4
{[%clk 1:17:42]} 17. Nf1 {[%clk 1:00:43]} Nb6 {[%clk 1:14:48]} 18. Bb1
{[%clk 0:58:49]} Qe7 {[%clk 1:11:35]} 19. Ng3 {[%clk 0:57:48]} Qf6
{[%clk 1:11:01]} 20. Kh2 {[%clk 0:49:50]} Bc8 {[%clk 1:11:07]} 21. Ng1
{[%clk 0:43:28]} Bd7 {[%clk 1:11:02]} 22. Qf3 {[%clk 0:38:36]} Na4
{[%clk 1:04:08]} 23. N1e2 {[%clk 0:36:55]} Nxe2 {[%clk 1:01:51]} 24. Qxe2
{[%clk 0:36:55]} h5 {[%clk 0:59:25]} 25. Qd2 {[%clk 0:36:43]} Qe7
{[%clk 0:59:24]} 26. Bg5 {[%clk 0:34:02]} Bf6 {[%clk 0:59:33]} 27. Bxf6
{[%clk 0:31:58]} Qxf6 {[%clk 0:59:59]} 28. Rf1 {[%clk 0:31:43]} Qf4
{[%clk 0:58:12]} 29. Qxf4 {[%clk 0:30:40]} exf4 {[%clk 0:58:37]} 30. Ne2
{[%clk 0:30:55]} g5 {[%clk 0:58:24]} 31. b3 {[%clk 0:31:04]} Nb6 {[%clk 0:58:36]}
32. h4 {[%clk 0:30:25]} f6 {[%clk 0:58:37]} 33. Rh1 {[%clk 0:30:28]} Be8
{[%clk 0:58:30]} 34. Kg1 {[%clk 0:30:16]} Nd7 {[%clk 0:58:48]} 35. f3
{[%clk 0:27:22]} Ne5 {[%clk 0:58:55]} 36. Kf2 {[%clk 0:27:14]} Ra7
{[%clk 0:53:59]} 37. Rh2 {[%clk 0:26:22]} Rg7 {[%clk 0:52:04]} 38. g3
{[%clk 0:21:29]} g4 {[%clk 0:50:00]} 39. Nxf4 {[%clk 0:15:06]} Nxf3
{[%clk 0:50:17]} 40. Rg2 {[%clk 0:14:40]} Bf7 {[%clk 0:50:28]} 41. Rd1
{[%clk 0:40:30]} Re8 {[%clk 1:20:42]} 42. Bd3 {[%clk 0:38:38]} Ra8
{[%clk 1:17:19]} 43. Be2 {[%clk 0:37:04]} Nd4 {[%clk 1:17:22]} 44. Bd3
{[%clk 0:32:58]} a5 {[%clk 1:17:41]} 45. Kf1 {[%clk 0:32:32]} a4 {[%clk 1:17:37]}
46. Bc2 {[%clk 0:32:01]} axb3 {[%clk 1:16:40]} 47. Bxb3 {[%clk 0:27:56]} Re8
{[%clk 1:16:03]} 48. Re1 {[%clk 0:26:34]} Kf8 {[%clk 1:13:58]} 49. Rf2
{[%clk 0:25:41]} Rg8 {[%clk 1:13:36]} 50. Ng2 {[%clk 0:21:45]} Kg7
{[%clk 1:13:16]} 51. Ne3 {[%clk 0:20:02]} Rxe4 {[%clk 1:12:55]} 52. Bc2
{[%clk 0:17:22]} Re5 {[%clk 1:12:58]} 53. Nf5+ {[%clk 0:16:10]} Nxf5
{[%clk 1:13:20]} 54. Rxf5 {[%clk 0:15:32]} Rxe1+ {[%clk 1:12:53]} 55. Kxe1
{[%clk 0:15:56]} Bg6 {[%clk 1:12:45]} 56. Rf2 {[%clk 0:16:11]} Re8+
{[%clk 1:12:33]} 57. Kf1 {[%clk 0:15:51]} Bxc2 {[%clk 1:12:53]} 58. Rxc2
{[%clk 0:16:09]} Re4 {[%clk 1:12:43]} 59. Kf2 {[%clk 0:13:30]} f5
{[%clk 1:12:57]} 60. Re2 {[%clk 0:11:53]} Rxe2+ {[%clk 1:12:05]} 61. Kxe2
{[%clk 0:12:16]} Kf6 {[%clk 1:12:10]} 62. Kd3 {[%clk 0:05:13]} Ke5
{[%clk 1:12:24]} 63. Ke3 {[%clk 0:05:22]} f4+ {[%clk 1:12:30]} 64. gxf4+
{[%clk 0:05:34]} Kf5 {[%clk 1:12:56]} 65. Kf2 {[%clk 0:05:14]} Kxf4
{[%clk 1:13:06]} 66. Kg2 {[%clk 0:05:10]} Ke4 {[%clk 1:12:39]} 67. Kg3
{[%clk 0:04:58]} Ke3 {[%clk 1:12:57]} 68. Kg2 {[%clk 0:02:39]} Kd3
{[%clk 1:13:13]} 0-1

[Event "Wolrd Chess Olympiad 2018"]
[Site "Batumi"]
[Date "2018.09.27"]
[Round "4"]
[Board "3"]
[WhiteFideId "10001034"]
[White "Lwebuga Ronald"]
[BlackFideId "16100352"]
[Black "Mohamud Hussein Ali"]
[Result "1-0"]
[LiveChessVersion "1.4.8"]
[BlackElo "1694"]
[WhiteElo "1819"]

1. Nf3 {[%clk 1:30:38]} d5 {[%clk 1:30:45]} 2. d4 {[%clk 1:30:55]} Nf6 3. g3
{[%clk 1:30:56]} g6 {[%clk 1:29:13]} 4. Bg2 {[%clk 1:31:23]} Bg7 {[%clk 1:29:23]}
5. c4 {[%clk 1:31:47]} c6 {[%clk 1:28:42]} 6. cxd5 {[%clk 1:31:50]} cxd5
{[%clk 1:28:44]} 7. Nc3 {[%clk 1:31:42]} O-O {[%clk 1:28:44]} 8. O-O
{[%clk 1:31:41]} Nc6 {[%clk 1:28:41]} 9. Bg5 {[%clk 1:30:48]} h6 {[%clk 1:25:04]}
10. Bf4 {[%clk 1:30:16]} Nh5 {[%clk 1:23:38]} 11. Bd2 {[%clk 1:29:05]} Bg4
{[%clk 1:21:56]} 12. e3 {[%clk 1:26:15]} Qd7 {[%clk 1:10:55]} 13. Qb3
{[%clk 1:24:48]} Rfd8 {[%clk 1:06:11]} 14. Na4 {[%clk 1:22:53]} b6
{[%clk 1:05:01]} 15. Rfc1 {[%clk 1:21:33]} Nf6 {[%clk 1:03:02]} 16. Nc3
{[%clk 1:18:57]} Na5 {[%clk 0:59:45]} 17. Qc2 {[%clk 1:10:18]} Bf5
{[%clk 0:53:20]} 18. Ne5 {[%clk 1:06:53]} Qd6 {[%clk 0:46:53]} 19. Qd1
{[%clk 1:06:26]} a6 {[%clk 0:42:03]} 20. Na4 {[%clk 1:05:19]} Rac8
{[%clk 0:38:21]} 21. Bxa5 {[%clk 1:04:05]} bxa5 {[%clk 0:38:37]} 22. Nc5
{[%clk 1:04:14]} Qb6 {[%clk 0:35:34]} 23. Qe2 {[%clk 1:01:01]} Ne4
{[%clk 0:31:37]} 24. Bxe4 {[%clk 0:58:45]} dxe4 {[%clk 0:30:42]} 25. Nc4
{[%clk 0:52:47]} Qf6 {[%clk 0:22:10]} 26. Nxa5 {[%clk 0:52:14]} h5
{[%clk 0:18:50]} 27. Nab3 {[%clk 0:51:20]} Bg4 {[%clk 0:11:33]} 28. Qxa6
{[%clk 0:47:12]} Rc6 {[%clk 0:08:22]} 29. Qb5 {[%clk 0:45:56]} Rb6
{[%clk 0:04:49]} 30. Qf1 {[%clk 0:46:20]} Qf5 {[%clk 0:04:58]} 31. f4
{[%clk 0:41:13]} exf3 {[%clk 0:04:24]} 32. Qf2 {[%clk 0:40:56]} e5
{[%clk 0:02:07]} 33. e4 {[%clk 0:40:55]} Qg5 {[%clk 0:02:06]} 34. d5
{[%clk 0:41:00]} f5 {[%clk 0:02:10]} 35. Ne6 {[%clk 0:41:24]} Rxe6
{[%clk 0:02:20]} 36. dxe6 {[%clk 0:41:52]} fxe4 {[%clk 0:02:29]} 37. Re1
{[%clk 0:41:29]} Bf5 {[%clk 0:01:47]} 38. e7 {[%clk 0:41:04]} Qxe7
{[%clk 0:02:03]} 39. Rad1 {[%clk 0:39:43]} Bh6 {[%clk 0:02:07]} 40. Nd2
{[%clk 0:55:00]} Bxd2 {[%clk 0:30:42]} 41. Rxd2 {[%clk 0:54:14]} Rxd2
{[%clk 0:28:43]} 42. Qxd2 {[%clk 0:54:42]} Qa7+ {[%clk 0:28:30]} 43. Re3
{[%clk 0:53:39]} Qxa2 {[%clk 0:28:24]} 44. Ra3 {[%clk 0:36:35]} Qf7
{[%clk 0:19:14]} 45. Kf2 {[%clk 0:29:55]} Qb7 {[%clk 0:12:29]} 46. h4
{[%clk 0:26:09]} Qb6+ {[%clk 0:12:36]} 47. Re3 {[%clk 0:26:37]} Qd4
{[%clk 0:12:26]} 48. Ke1 {[%clk 0:19:43]} Kf7 {[%clk 0:11:32]} 49. Qc1
{[%clk 0:16:01]} Bd7 {[%clk 0:08:21]} 50. Qc3 {[%clk 0:15:11]} Bc6
{[%clk 0:08:02]} 51. Qd2 {[%clk 0:11:25]} Kf6 {[%clk 0:08:08]} 52. Qf2
{[%clk 0:09:50]} Ba4 {[%clk 0:07:16]} 53. Kf1 {[%clk 0:08:36]} Kf5
{[%clk 0:03:10]} 54. Kg1 {[%clk 0:08:59]} Kg4 {[%clk 0:03:16]} 55. Kh2
{[%clk 0:08:19]} Bb5 {[%clk 0:02:27]} 56. Kg1 {[%clk 0:06:48]} Be2
{[%clk 0:02:18]} 57. Kh2 {[%clk 0:05:37]} g5 {[%clk 0:01:31]} 58. hxg5
{[%clk 0:05:26]} Kxg5 {[%clk 0:01:51]} 59. Kg1 {[%clk 0:04:54]} Kg4
{[%clk 0:02:08]} 60. Kh2 {[%clk 0:04:36]} Kf5 {[%clk 0:00:52]} 61. Rxe2
{[%clk 0:04:31]} Qxf2+ {[%clk 0:00:52]} 62. Rxf2 {[%clk 0:05:00]} Kg4
{[%clk 0:01:10]} 63. Rc2 {[%clk 0:03:53]} e3 {[%clk 0:00:43]} 64. Rc4+
{[%clk 0:04:22]} Kf5 {[%clk 0:01:05]} 65. Kg1 {[%clk 0:04:23]} e4
{[%clk 0:00:40]} 66. b4 {[%clk 0:04:09]} Kg4 {[%clk 0:00:36]} 67. Rxe4+
{[%clk 0:04:16]} Kxg3 {[%clk 0:01:02]} 68. Rxe3 {[%clk 0:04:30]} Kf4
{[%clk 0:01:18]} 69. Kf2 {[%clk 0:04:29]} h4 {[%clk 0:00:43]} 70. Rxf3+ 1-0

[Event "Wolrd Chess Olympiad 2018"]
[Site "Batumi"]
[Date "2018.09.27"]
[Round "4"]
[Board "1"]
[WhiteFideId "15701190"]
[White "Kibrom Weldegebriel Beraki"]
[BlackFideId "21100039"]
[Black "Bah Ebrima"]
[Result "0-1"]
[LiveChessVersion "1.4.8"]
[BlackElo "2066"]
[WhiteElo "1723"]

1. d4 {[%clk 1:30:56]} Nf6 {[%clk 1:30:44]} 2. c4 {[%clk 1:31:18]} e6
{[%clk 1:29:25]} 3. Nf3 {[%clk 1:31:38]} c6 {[%clk 1:28:07]} 4. e3
{[%clk 1:30:05]} d5 {[%clk 1:27:12]} 5. b3 {[%clk 1:30:01]} Bd6 {[%clk 1:26:46]}
6. Be2 {[%clk 1:29:58]} O-O {[%clk 1:26:02]} 7. O-O {[%clk 1:30:22]} Ne4
{[%clk 1:25:37]} 8. Bb2 {[%clk 1:29:27]} f5 {[%clk 1:24:46]} 9. Nbd2
{[%clk 1:29:19]} Nd7 {[%clk 1:23:02]} 10. Ne5 {[%clk 1:27:18]} Qf6
{[%clk 1:17:55]} 11. f3 {[%clk 1:25:59]} Nxd2 {[%clk 1:16:07]} 12. Nxd7
{[%clk 1:17:00]} Bxh2+ {[%clk 1:11:59]} 13. Kxh2 {[%clk 1:15:40]} Nxf1+
{[%clk 1:11:20]} 14. Qxf1 {[%clk 1:15:30]} Qh6+ {[%clk 1:11:20]} 15. Kg3
{[%clk 1:11:39]} f4+ {[%clk 1:08:07]} 16. exf4 {[%clk 1:11:48]} Qxf4+ 17. Kf2
Bxd7 {[%clk 1:06:16]} 18. g3 {[%clk 1:11:32]} Qf6 {[%clk 1:05:06]} 19. Rd1
{[%clk 1:09:50]} Be8 {[%clk 1:03:16]} 20. Ba3 {[%clk 1:09:30]} Rf7
{[%clk 0:53:45]} 21. Bd6 {[%clk 1:09:25]} Rd8 {[%clk 0:52:41]} 22. Be5
{[%clk 1:09:18]} Qf5 {[%clk 0:51:45]} 23. Rc1 {[%clk 1:06:58]} Rf8
{[%clk 0:50:43]} 24. Kg2 {[%clk 0:52:29]} Bg6 {[%clk 0:50:34]} 25. Qf2
{[%clk 0:46:20]} Rd7 {[%clk 0:46:39]} 26. Qe3 {[%clk 0:45:57]} h5
{[%clk 0:38:30]} 27. Rd1 {[%clk 0:43:34]} Qf7 {[%clk 0:36:33]} 28. Qg5
{[%clk 0:42:05]} b6 {[%clk 0:30:42]} 29. Qe3 {[%clk 0:40:10]} Bf5
{[%clk 0:29:55]} 30. Rg1 {[%clk 0:35:42]} Qg6 {[%clk 0:28:09]} 31. Kh2
{[%clk 0:35:12]} a5 {[%clk 0:26:18]} 32. Qc3 {[%clk 0:33:46]} Qh6
{[%clk 0:21:06]} 33. Rh1 {[%clk 0:30:53]} h4 {[%clk 0:16:10]} 34. Kg1
{[%clk 0:28:23]} g5 {[%clk 0:15:56]} 35. Qe3 {[%clk 0:27:37]} Rh7
{[%clk 0:15:42]} 36. g4 {[%clk 0:21:50]} Bb1 {[%clk 0:14:53]} 37. Kf2
{[%clk 0:20:46]} Bc2 {[%clk 0:13:27]} 38. Rc1 {[%clk 0:19:52]} Be4
{[%clk 0:13:07]} 39. Kg2 {[%clk 0:17:40]} h3+ {[%clk 0:12:45]} 40. Kh2
{[%clk 0:17:31]} Bg6 {[%clk 0:11:27]} 41. Bd6 {[%clk 0:46:44]} Re8
{[%clk 0:40:29]} 42. a4 {[%clk 0:44:14]} Rd7 {[%clk 0:36:38]} 43. Be5
{[%clk 0:44:06]} c5 {[%clk 0:35:32]} 44. dxc5 {[%clk 0:36:57]} d4
{[%clk 0:34:59]} 45. Bxd4 {[%clk 0:33:05]} e5 {[%clk 0:31:04]} 46. Bc3
{[%clk 0:31:22]} bxc5 {[%clk 0:29:52]} 47. Qxc5 {[%clk 0:24:36]} Qg7
{[%clk 0:28:29]} 48. Qe3 {[%clk 0:23:33]} Qf6 {[%clk 0:27:26]} 49. c5
{[%clk 0:23:14]} Rde7 {[%clk 0:26:22]} 50. Rd1 {[%clk 0:21:01]} Qf4+
{[%clk 0:24:51]} 51. Qxf4 {[%clk 0:20:43]} exf4 {[%clk 0:23:58]} 52. Bc4+
{[%clk 0:20:02]} Bf7 {[%clk 0:23:33]} 53. Bxf7+ {[%clk 0:18:29]} Kxf7
{[%clk 0:23:44]} 54. Rd5 {[%clk 0:16:58]} Re2+ {[%clk 0:19:35]} 55. Kh1
{[%clk 0:12:44]} R8e3 {[%clk 0:16:24]} 56. Rd2 {[%clk 0:10:13]} Re1+
{[%clk 0:16:23]} 57. Kh2 {[%clk 0:10:28]} Rxc3 {[%clk 0:15:22]} 58. Kxh3
{[%clk 0:10:33]} Rxf3+ {[%clk 0:15:32]} 59. Kg2 {[%clk 0:10:53]} Rxb3
{[%clk 0:15:31]} 0-1

[Event "Wolrd Chess Olympiad 2018"]
[Site "Batumi"]
[Date "2018.09.27"]
[Round "4"]
[Board "1"]
[WhiteFideId "9100024"]
[White "Fancy Stuart"]
[BlackFideId "31900232"]
[Black "Guterres Luis"]
[Result "1-0"]
[LiveChessVersion "1.4.8"]
[BlackElo "1779"]
[WhiteElo "1950"]

1. e4 {[%clk 1:30:50]} e5 {[%clk 1:30:51]} 2. Nf3 {[%clk 1:31:15]} d6
{[%clk 1:30:50]} 3. Bc4 {[%clk 1:31:28]} h6 {[%clk 1:30:55]} 4. d4
{[%clk 1:31:44]} Qf6 {[%clk 1:28:41]} 5. Nc3 {[%clk 1:31:02]} c6 {[%clk 1:27:45]}
6. h3 {[%clk 1:30:10]} Ne7 {[%clk 1:25:21]} 7. Be3 {[%clk 1:27:02]} Ng6
{[%clk 1:24:23]} 8. Qd2 {[%clk 1:23:52]} b5 {[%clk 1:21:56]} 9. Bb3
{[%clk 1:22:17]} a5 {[%clk 1:17:25]} 10. a3 {[%clk 1:13:47]} Bd7 {[%clk 1:16:53]}
11. Ne2 {[%clk 1:10:54]} a4 {[%clk 1:12:49]} 12. Ba2 {[%clk 1:10:52]} Be7
{[%clk 1:12:07]} 13. Ng3 {[%clk 1:09:09]} Bf8 {[%clk 1:08:00]} 14. O-O-O
{[%clk 1:08:28]} Ne7 {[%clk 0:57:10]} 15. dxe5 {[%clk 1:03:38]} dxe5
{[%clk 0:52:55]} 16. Nh5 {[%clk 1:03:58]} Qg6 {[%clk 0:52:45]} 17. Nxe5
{[%clk 1:04:18]} Qxh5 18. Nxd7 Nd5 {[%clk 0:43:51]} 19. Nxf8 {[%clk 1:03:12]}
Kxf8 {[%clk 0:43:40]} 20. exd5 {[%clk 1:03:37]} Kg8 {[%clk 0:43:37]} 21. dxc6
{[%clk 1:02:53]} Kh7 {[%clk 0:43:18]} 22. Qd3+ {[%clk 1:02:30]} Qg6
{[%clk 0:41:51]} 23. c7 {[%clk 1:01:15]} Na6 {[%clk 0:41:40]} 24. Bf4
{[%clk 1:00:58]} Rhc8 {[%clk 0:41:42]} 25. Bxf7 {[%clk 1:00:44]} Qxd3
{[%clk 0:41:20]} 26. Rxd3 {[%clk 1:01:10]} Nxc7 {[%clk 0:40:51]} 27. Rd7
{[%clk 1:01:27]} Ne8 {[%clk 0:39:34]} 28. Be5 {[%clk 1:01:02]} Rd8
{[%clk 0:39:43]} 29. Bxe8 Rxd7 {[%clk 0:39:28]} 30. Bxd7 {[%clk 1:01:53]} Ra7
{[%clk 0:39:12]} 31. Bxb5 {[%clk 1:02:05]} Re7 {[%clk 0:38:06]} 32. f4
{[%clk 1:02:31]} Ra7 {[%clk 0:37:48]} 33. Rd1 {[%clk 1:02:56]} Kg6
{[%clk 0:37:45]} 34. Rd6+ {[%clk 1:02:57]} Kh5 {[%clk 0:37:38]} 35. g3
{[%clk 1:03:08]} g5 {[%clk 0:37:34]} 36. Be8+ {[%clk 1:03:30]} Rf7
{[%clk 0:26:58]} 1-0

[Event "Wolrd Chess Olympiad 2018"]
[Site "Batumi"]
[Date "2018.09.27"]
[Round "4"]
[Board "2"]
[WhiteFideId "31900097"]
[White "Fernandes Tomas"]
[BlackFideId "9100075"]
[Black "Press Shaun"]
[Result "0-1"]
[LiveChessVersion "1.4.8"]
[BlackElo "1935"]
[WhiteElo "1627"]

1. d4 {[%clk 1:30:38]} d5 {[%clk 1:30:54]} 2. c4 {[%clk 1:31:01]} dxc4
{[%clk 1:31:18]} 3. Qa4+ {[%clk 1:29:40]} Nc6 {[%clk 1:31:34]} 4. Qxc4
{[%clk 1:30:06]} Qxd4 {[%clk 1:31:13]} 5. e3 {[%clk 1:28:58]} Qxc4
{[%clk 1:28:44]} 6. Bxc4 {[%clk 1:29:25]} Nf6 {[%clk 1:28:35]} 7. Nf3
{[%clk 1:29:15]} Bg4 {[%clk 1:27:13]} 8. Ng5 {[%clk 1:28:58]} e6 {[%clk 1:27:05]}
9. f3 {[%clk 1:28:33]} Bh5 {[%clk 1:26:14]} 10. O-O {[%clk 1:28:33]} O-O-O
{[%clk 1:24:00]} 11. a4 {[%clk 1:28:18]} Bb4 {[%clk 1:19:41]} 12. Kh1
{[%clk 1:28:19]} h6 {[%clk 1:18:48]} 13. Nh3 {[%clk 1:28:33]} Ne5
{[%clk 1:16:46]} 14. Bb5 {[%clk 1:27:54]} a6 {[%clk 1:09:30]} 15. Be2
{[%clk 1:27:06]} g5 {[%clk 1:09:19]} 16. Nf2 {[%clk 1:25:20]} Bc5
{[%clk 1:05:51]} 17. Nc3 {[%clk 1:23:18]} Bg6 {[%clk 1:02:43]} 18. e4
{[%clk 1:20:01]} Nc6 {[%clk 0:59:33]} 19. Nd3 {[%clk 1:19:13]} Be7
{[%clk 0:58:29]} 20. Be3 {[%clk 1:19:06]} Nd4 {[%clk 0:58:29]} 21. Ne5
{[%clk 1:12:13]} Nc2 {[%clk 0:56:58]} 22. Nxg6 {[%clk 1:10:44]} fxg6
{[%clk 0:57:19]} 23. Bf2 {[%clk 1:10:17]} Nxa1 {[%clk 0:57:03]} 24. Rxa1
{[%clk 1:10:45]} Rd2 {[%clk 0:56:46]} 25. Bg3 {[%clk 1:09:35]} Nh5
{[%clk 0:56:06]} 26. Be5 {[%clk 1:08:54]} Bf6 {[%clk 0:56:00]} 27. Bxf6
{[%clk 1:08:28]} Nxf6 {[%clk 0:56:24]} 28. Bc4 {[%clk 1:07:50]} e5
{[%clk 0:56:38]} 29. b4 {[%clk 1:07:43]} Rhd8 {[%clk 0:55:52]} 30. b5
{[%clk 1:07:26]} a5 {[%clk 0:56:08]} 31. h3 {[%clk 1:07:43]} R8d4
{[%clk 0:53:25]} 32. Bf7 {[%clk 1:07:48]} Rc2 {[%clk 0:52:49]} 33. Nd1
{[%clk 1:07:32]} Nh5 {[%clk 0:50:43]} 34. Ne3 {[%clk 1:06:42]} Re2
{[%clk 0:50:36]} 35. Ng4 {[%clk 1:06:14]} Rdd2 {[%clk 0:48:06]} 36. Rg1
{[%clk 1:04:36]} Nf4 {[%clk 0:47:22]} 37. Bc4 {[%clk 1:03:46]} Rxg2
{[%clk 0:46:58]} 38. Bf1 {[%clk 1:03:12]} Rxg1+ {[%clk 0:45:54]} 39. Kxg1
{[%clk 1:03:40]} Ra2 {[%clk 0:46:00]} 40. Nxe5 {[%clk 1:34:07]} Rxa4
{[%clk 1:15:57]} 41. Nf7 {[%clk 1:34:25]} Ra1 {[%clk 1:15:38]} 42. Kf2
{[%clk 1:34:36]} a4 {[%clk 1:15:34]} 43. Ne5 {[%clk 1:33:43]} Rxf1+
{[%clk 1:14:03]} 44. Kxf1 {[%clk 1:34:10]} a3 {[%clk 1:14:26]} 45. Ng4
{[%clk 1:34:06]} a2 {[%clk 1:14:51]} 46. Nxh6 {[%clk 1:34:31]} a1=Q+
{[%clk 1:15:07]} 47. Kf2 {[%clk 1:34:38]} Qb2+ {[%clk 1:14:56]} 48. Ke3
{[%clk 1:35:03]} Qc3+ {[%clk 1:15:07]} 49. Kf2 {[%clk 1:35:13]} Qd2+
{[%clk 1:15:31]} 0-1